Normal view
MARC view
- McElwee, Gerard
Entry Personal Name
001 - CONTROL NUMBER
- control field: 34209
003 - CONTROL NUMBER IDENTIFIER
- control field: OSt
005 - DATE AND TIME OF LATEST TRANSACTION
- control field: 20140930124450.0
008 - FIXED-LENGTH DATA ELEMENTS
- fixed length control field: 131027|| aca||aabn | a|a d
040 ## - CATALOGING SOURCE
- Original cataloging agency: OSt
- Transcribing agency: OSt
100 1# - HEADING--PERSONAL NAME
- Personal name: McElwee, Gerard
670 ## - SOURCE DATA FOUND
- Source citation: Work cat.: (OSt)0: Entrepreneurship :, 2011.